00401nam a2200109 450000500170000000800410001702000180005810000180007624501050009426000680019930000240026720260410124824.0260410b |||||||| |||| 00| 0 eng d a978-32985-5-0 aIke E. Emeka  aEssential Principles of Physics for Senior Secondary School and Also OND and Remedialsc/Emeka E Ike aJos, Nigeria;bEnic Education Consultants and Publishers;c2021 axvi,732p.ill;c22cm